000 00273nam a2200109Ia 4500
008 200302s9999 xx 000 0 und d
100 _aMark Karlen and Others
245 _aLigting Design basics 3rd ed
260 _bJohn Willey and Sons Inc.
260 _c2017
300 _a258
999 _c6515
_d6515